ARK Survival Evolved - PvP Structures - Statistics

General Stats
  • This quiz has been taken 108 times
  • The average score is 4 of 8
Answer Stats
Hint Answer % Correct
A building commonly used to defence open ground. Tower
82%
A structure build to raid or counter a raid. Usually used for beds and store gear. FOB
81%
Most common building for defence, especially in caves. Wall
69%
Destroying the ceiling with a vault on. Makes the building even stronger. Vaultdrop
60%
A bigger and more dangerous version of the above. Death Wall
50%
A structure build on a cliff platform. It usually includes: turrets, ceilings, hatchframes and pillars/double doorframes. Chandelier
45%
A huge building used to defend open ground. A more advanced version of the above. There is used a lot of double doorframes to this structure. Skeleton Tower
29%
A building to defend the sky from possible dangers. Sky Tower
26%
No matching quizzes found
Score Distribution
Percent of People with Each Score
Percentile by Number Answered
Your Score History
You have not taken this quiz